000
00206 a2200097 4500
001
58831
100
_a
245
_a
Our armoured forces
260
_a
London
_b
Faber and Faber
_c
1963
090
_c
36134
_d
36134
942
_a
NUST-CAE
_c
_c
29041
999
_c
293904
_d
293904